00467nam a22001457a 4500020001500000082001400015100002200029245007100051260002300122300000700145650001300152942000700165952013200172999001700304 a8172140177 a294.3 PRA aPrakash, Surendra aThe Buddhist Sutra of Lotus Flower: Its essence and interpretation aDelhibISPCKc1991 a83 aBuddhism cBK 001040708NFICaHMIbHMIcGENd2022-06-23eDr. Andreas D'Souza collectionl0o294.3 PRAp11002924r2022-06-23w2022-06-23yBK c23247d23247